000 01003nam a2200241Ia 4500
001 833-GRI ja fi (15127)
003 IT-MiSPE
008 171229s9999||||xx |||||||||||||| ||und||
040 _aIT-MiSPE
_cIT-MiSPE
041 _aITALIANO
100 _aJakob e Wilhelm Grimm
245 0 _aFiabe
_bScelte e presentate da Italo Calvino
250 _a5a ed.
260 _aTorino
_bEinaudi
_c1978
300 _aXX, 430 p.
_c20 cm
490 _aStruzzi
_v7
501 _aEdizioni San Paolo srl - Piazza Soncino, 5 - 20092 CINISELLO BALSAMO (MI) (non commercial uses only) ® Copyright 2018
520 _aIll.
700 _aItalo Calvino
942 _cBK
957 _71
999 _a1504
_bNO
_g Copie: 1
_c353142
_d353142